Unfolding Social Constructionism

This book examines social constructionism as a metatheory of psychology. It does not consider constructionist accounts of psycho-social phenomena, but it does assess certain assumptions which are said to underpin those accounts, assumptions which are primarily semantic and epistemological. The first...

Full description

Bibliographic Details
Main Author: Hibberd, Fiona J. (Author)
Corporate Author: SpringerLink (Online service)
Format: Electronic eBook
Language:English
Published: Boston, MA : Springer US, 2005.
Series:History and Philosophy of Psychology
Subjects:
Online Access:Full Text via HEAL-Link
LEADER 03378nam a22004575i 4500
001 978-0-387-22975-1
003 DE-He213
005 20151029211954.0
007 cr nn 008mamaa
008 100301s2005 xxu| s |||| 0|eng d
020 |a 9780387229751  |9 978-0-387-22975-1 
024 7 |a 10.1007/b100254  |2 doi 
040 |d GrThAP 
050 4 |a BF81-107.L4 
072 7 |a PDX  |2 bicssc 
072 7 |a PSY015000  |2 bisacsh 
082 0 4 |a 150.9  |2 23 
100 1 |a Hibberd, Fiona J.  |e author. 
245 1 0 |a Unfolding Social Constructionism  |h [electronic resource] /  |c by Fiona J. Hibberd. 
264 1 |a Boston, MA :  |b Springer US,  |c 2005. 
300 |a XVIII, 210 p.  |b online resource. 
336 |a text  |b txt  |2 rdacontent 
337 |a computer  |b c  |2 rdamedia 
338 |a online resource  |b cr  |2 rdacarrier 
347 |a text file  |b PDF  |2 rda 
490 1 |a History and Philosophy of Psychology 
505 0 |a Social Constructionism as a Metatheory of Psychological Science -- Relativism and Self-Refutation -- Non-Factualism -- The Received View of Logical Positivism and Its Relationship to Social Constructionism -- Conventionalism -- Meaning as Use -- Phenomenalism and Its Analogue -- Conclusions and Speculations. 
520 |a This book examines social constructionism as a metatheory of psychology. It does not consider constructionist accounts of psycho-social phenomena, but it does assess certain assumptions which are said to underpin those accounts, assumptions which are primarily semantic and epistemological. The first part of the book explains why the charges of relativism and self-refutation leveled at social constructionism miss their target, and it considers a constructionist attempt to defend the metatheory by appropriating the concept of performative utterances. The second part of the book challenges the generally accepted view that social constructionism is antithetical to positivist philosophy of science. This is done via an examination of the doctrine of conventionalism, constitutive relations, dualism, Wittgenstein's meaning-as-use thesis, verificationism, operationism, linguistic phenomenalism, and Kant's limitations of human knowledge. It is shown that, in certain respects, these topics unite social constructionism with its bête noire logical positivism, and that psychology's repeated endorsement of these ideas hinders the development of a rigorous psycho-social science. The book ends with a brief, speculative section in which it is suggested that the skepticism and internalism of social constructionist metatheory is an unconscious strategy of survival against failure. Fiona J. Hibberd is lecturer in the School of Psychology, University of Sydney. She specializes in the history, theory and philosophy of psychology, and in theories of personality, and has published in theoretical journals in the social sciences. 
650 0 |a Psychology. 
650 0 |a Personality. 
650 0 |a Social psychology. 
650 1 4 |a Psychology. 
650 2 4 |a History of Psychology. 
650 2 4 |a Personality and Social Psychology. 
710 2 |a SpringerLink (Online service) 
773 0 |t Springer eBooks 
776 0 8 |i Printed edition:  |z 9780387229744 
830 0 |a History and Philosophy of Psychology 
856 4 0 |u http://dx.doi.org/10.1007/b100254  |z Full Text via HEAL-Link 
912 |a ZDB-2-BHS 
950 |a Behavioral Science (Springer-11640)